000 02447cam a2200625 4500
001 23481
003 VRT
005 20260624123139.0
008 240522t2023 xo obc grn 001 0 slo
015 _aSNBA2024/06
020 _a9788082022264
_q(viazané)
039 9 _a202406191003
_bmsnk24
_c202405241031
_dmsnk03
040 _aSAVUK
_bslo
_cSAVUK
_dSNK
_erda
041 1 _aslo
_hswe
044 _axo
_cSK
072 7 _a355/359
_xVojenstvo. Obrana krajiny. Ozbrojené sily
_2konspekt
080 _a929.731-055.1
_22011
080 _a355.483(450.218)"1800"
_22011
080 _a355.483(4)"1800/1815"
_22011
080 _a355.42
_22011
080 _a930.1:303.833.5
_22011
080 _a(0:82-96)
_22011
100 1 _aLiska, Paul,
_d1953-
_4aut
240 1 0 _aNapoleon och slaget vid Marengo
_lSlovensky
245 1 0 _aNapoleon a bitka pri Marengu
_cPaul Liska ; zo švédskeho originálu Napoleon och slaget vid Marengo ... preložila Zuzana Inczingerová
250 _aPrvé vydanie
264 1 _aBratislava
_bVydavateľstvo Spolku slovenských spisovateľov
_c2023
300 _a239 strán
_bfotografie (prevažne farebné), mapy, portréty
_c22 cm
336 _atext
_btxt
_2rdacontent
336 _astatický obraz
_bsti
_2rdacontent
337 _abez média
_bn
_2rdamedia
338 _azväzok
_bnc
_2rdacarrier
504 _aObsahuje bibliografiu na strane 232-233 a register
600 0 7 _aNapoleon
_bI.,
_cfrancúzsky cisár,
_d1769-1821
_2SNKMA
648 7 _a18.-19. storočie
_2SNKPH
648 7 _a18th-19th centuries
_2SNKPHeng
650 0 7 _apanovníci
_2SNKPH
650 0 7 _abitka pri Marengu (1800 : Marengo, Alessandria, Taliansko)
_2SNKPH
650 0 7 _anapoleonské vojny (1800-1815)
_2SNKPH
650 0 7 _avojenská taktika
_2SNKPH
650 0 7 _ainterpretácia dejín
_2SNKPH
650 0 7 _aKings and rulers
_2SNKPHeng
650 0 7 _aBattle of Marengo (1800 : Marengo, Alessandria, Italy)
_2SNKPHeng
650 0 7 _aNapoleonic Wars (1800-1815)
_2SNKPHeng
650 0 7 _aMilitary tactics
_2SNKPHeng
650 0 7 _ainterpretation of history
_2SNKPHeng
655 7 _aliteratúra faktu
_2SNKPH
655 7 _aNon fiction
_2SNKPHeng
700 1 _aInczingerová, Zuzana
_4trl
942 _2ddc
_cKLDE
_n0
949 _62889394928
_asavukS 167570
_bsavuk2024/773
949 _617A1547770
_asnkSC 206542
_bsnk2024/8243
_o715/24
949 _617A1547771
_asnkSC 206542 D1
_bsnk2024/8244
_o715/24
999 _c23481
_d23481